Directorio de instituciones de enseñanza superior agropecuaria y sus recursos humanos : Argentina.

Guardado en:
Autor Corporativo: Sistema Nacional de Información en Ciencias Agropecuarias.
Formato: Libro
Idioma:Spanish
Publicado: Buenos Aires : SNICA, 1983.
Etiquetas: Agregar Etiqueta
Sin Etiquetas, Sea el primero en etiquetar este registro!
LEADER 00534nam a22001335a 4500
001 EEA.libagro003255
005 20190613111429.0
008 130809s1983####ag############000#0#spa#d
082 0 4 |a 630.71182 
110 2 |a Sistema Nacional de Información en Ciencias Agropecuarias. 
245 1 0 |a Directorio de instituciones de enseñanza superior agropecuaria y sus recursos humanos :  |b Argentina. 
260 |a Buenos Aires :  |b SNICA,  |c 1983. 
300 |a 1 v. (en varias paginaciones) ;  |c 22 cm. 
859 |a AR-BbBCA  |b BIB. AGRONOMIA  |h R630.71182  |i S672 1983  |p 1983/0001